South American Capitals - Statistics

General Stats
  • This quiz has been taken 1,123 times
  • The average score is 9 of 12
Answer Stats
Country Capital % Correct
Brazil Brasilia
97%
Argentina Buenos Aires
93%
Chile Santiago
87%
Colombia Bogota
85%
Peru Lima
85%
Bolivia Sucre/La Paz
77%
Uruguay Montevideo
75%
Venezuela Caracas
74%
Ecuador Quito
73%
Guyana Georgetown
69%
Paraguay Asuncion
63%
Suriname Paramaribo
52%
No matching quizzes found
Score Distribution
Percent of People with Each Score
Percentile by Number Answered
Your Score History
You have not taken this quiz